Radically human : how new technology is transforming business and shaping our future /

Bibliographic Details
Main Authors: Daugherty, Paul R. (Author), Wilson, H. James (Author)
Corporate Author: EBSCOhost
Format: eBook
Language:English
Published: Boston, Massachusetts : Harvard Business Review Press, [2022]
Subjects:
Online Access:Connect to the full text of this electronic book

MARC

Tag First Indicator Second Indicator Subfields
LEADER 00000nam a2200000 i 4500
001 in00004584913
003 OCoLC
005 20220615101717.2
006 m o d
007 cr cnu---unuuu
008 210929s2022 maua ob 001 0 eng
010 |a  2021044183 
024 8 |a 99991109453 
040 |a DLC  |b eng  |e rda  |c DLC  |d OCLCF  |d OCLCO  |d ORMDA  |d OCLCO  |d N$T  |d TEFOD  |d YDX 
019 |a 1277180366 
020 |a 9781647821098  |q electronic book 
020 |a 1647821096  |q electronic book 
020 |z 9781647821081  |q hardcover 
035 |a (OCoLC)1275368475  |z (OCoLC)1277180366 
037 |a 9781647821098  |b O'Reilly Media 
037 |a C506704D-D5E5-43C1-9FA2-1F3122CF0EB4  |b OverDrive, Inc.  |n http://www.overdrive.com 
042 |a pcc 
050 4 |a TA347.A78  |b D38 2022 
082 0 0 |a 006.3  |2 23/eng/20211012 
100 1 |a Daugherty, Paul R.,  |e author. 
245 1 0 |a Radically human :  |b how new technology is transforming business and shaping our future /  |c Paul R. Daugherty, H. James Wilson. 
264 1 |a Boston, Massachusetts :  |b Harvard Business Review Press,  |c [2022] 
300 |a 1 online resource ( unpaged) :  |b illustrations. 
336 |a text  |b txt  |2 rdacontent 
337 |a computer  |b c  |2 rdamedia 
338 |a online resource  |b cr  |2 rdacarrier 
504 |a Includes bibliographical references and index. 
588 |a Description based on online resource; title from digital title page (viewed on June 15, 2022). 
650 0 |a Artificial intelligence. 
650 0 |a Technological innovations. 
650 0 |a Business  |x Data processing. 
650 2 |a Artificial Intelligence  |0 (DNLM)D001185 
650 6 |a Intelligence artificielle.  |0 (CaQQLa)201-0008626 
650 6 |a Innovations.  |0 (CaQQLa)201-0023341 
650 6 |a Gestion  |x Informatique.  |0 (CaQQLa)201-0033709 
650 7 |a artificial intelligence.  |2 aat  |0 (CStmoGRI)aat300251574 
650 7 |a Artificial intelligence.  |2 fast  |0 (OCoLC)fst00817247 
650 7 |a Business  |x Data processing.  |2 fast  |0 (OCoLC)fst00842293 
650 7 |a Technological innovations.  |2 fast  |0 (OCoLC)fst01145002 
655 7 |a Electronic books.  |2 local 
700 1 |a Wilson, H. James,  |e author. 
710 2 |a EBSCOhost 
776 1 8 |i Print version:  |a Daugherty, Paul R.  |t Radically human  |d Boston, MA : Harvard Business Review Press, 2022  |z 9781647821081  |w (DLC) 2021044182 
856 4 0 |u http://proxy.library.tamu.edu/login?url=https://search.ebscohost.com/login.aspx?direct=true&scope=site&db=nlebk&db=nlabk&AN=2923649  |z Connect to the full text of this electronic book  |t 0 
945 |b 360027 
955 |a YBP purchased EBSCO DDA e-records 
980 |b ebook  |c 99991109453  |f NONFIC/S  |g 565702  |k USD  |m 74.50  |q 1  |s AcqMono Conventional  |t Demand driven acquisitions (DDA)  |u Vendor order reference number  |v ZYBP  |y PDA  |z Electronic resource 
999 f f |i caa87564-2679-465b-9883-0808f481a8d1  |s 288a3aa8-cb74-4647-a72d-a2fbeb5d112d  |t 0 
952 f f |a Texas A&M University  |b College Station  |c Electronic Resources  |s www_evans  |d Available Online  |t 0  |e TA347.A78 D38 2022  |h Library of Congress classification